000 01068nam a22002537a 4500
005 20170124103116.0
010 _aB-073569
020 _c30.00
035 _aB-073569
037 _bCen Lib/Ret
040 _aDPL
_bHN
082 _a306.81
_bचतुर्वे
100 _aचतुर्वेदी, वैद सुरेश
_946904
245 _aदाम्पत्य जीवन के सोपान /
_cवैद सुरेश चतुर्वेदी
246 _aDampatye jeevan ke sopan /
_bby Vaid Suresh Chaturvedi
260 _aनई दिल्ली
_bसुबोध पब्लिकेशन्स
_c2002
270 _bनई दिल्ली
_a2/3 बी, अंसारी रोड
_e110002
300 _a104पृ.
_c21सेमी(सजिल्द)
650 _aस्वस्थ जीवन
_91413
650 _aजीवन -- समस्याएँ
_980947
650 _aHealthy Life
_97762
650 _aLife - Problems
_980948
942 _2ddc
_cHN
_h306.81
_mचतुर्वे
999 _c118578
_d118578